000 00369 a2200109 4500
001 ART_60534
005 20260410162053.0
008 260409a
245 1 0 _aEl cierre 2023, para las empresas y los empleados, del impuesto a las ganancias y bienes personales
100 1 _aCeteri, José Luis
773 0 _tImpuestos
_g- N° 168 (mar. 2024)
_wREV45175
999 _c35962
_d35962